|
|
|
|
| LEADER |
00000nab a2200000 a 4500 |
| 001 |
vtls000619020 |
| 003 |
SK-MaSNL |
| 005 |
20260304100150.0 |
| 008 |
250425c1997 xo 0 slo |
| 015 |
|
|
|a SNBRB19rr/mm-uuuuu
|
| 035 |
|
|
|a CL0619159
|
| 035 |
|
|
|a urn:nbn:sk:snk-ab2iz8
|
| 035 |
|
|
|a (urnnbn)urn:nbn:sk:snk:ar-a02hgk
|
| 035 |
|
|
|a (uuid)053813bf-6a3f-40b1-a900-535b1d02d9c4
|
| 040 |
|
|
|a SNKBUCL
|b slo
|c SNKBUCL
|e AACR2
|
| 041 |
0 |
|
|a slo
|
| 044 |
|
|
|a xo
|c SK
|
| 080 |
|
|
|a 551.4:061.22(437.6)
|2 1981
|
| 100 |
1 |
|
|a Stankoviansky, Miloš,
|d 1947-2024
|4 aut
|9 210206
|
| 245 |
1 |
0 |
|a Založenie Asociácie slovenských geomorfológov pri SAV a jeho medzinárodné súvislosti
|c Miloš Stankoviansky
|
| 610 |
2 |
7 |
|a Asociácia slovenských geomorfológov
|2 snkbucl
|9 33876
|
| 655 |
|
7 |
|a články z novín a časopisov
|2 snkbucl
|9 267496
|
| 773 |
0 |
|
|t Geografia
|g Roč. 5, č. 1 (1997), s. 35
|
| 850 |
|
|
|a Slovenská národná knižnica
|
| 852 |
|
|
|a Slovenská národná knižnica
|
| 954 |
|
|
|a odborná, vedecká literatúra pôvodná (slovenská)
|2 lita
|
| 958 |
|
|
|a article27
|
| 958 |
|
|
|a SK
|
| 958 |
|
|
|a RK
|
| 958 |
|
|
|a OND
|
| 958 |
|
|
|a EUIPO
|
| 992 |
|
|
|a RBX
|
| 999 |
|
|
|c 2836498
|d 2838428
|